Villes possédant une franchise NFL - Statistiques

Statistiques générales
  • Ce quiz a été pris 524 fois
  • Le résultat moyen est 18 sur 30
Statistiques - réponses
Réponse % Correct
New York
93%
Los Angeles
92%
Miami
86%
San Francisco
74%
Chicago
72%
Dallas
71%
Las Vegas
71%
Washington
70%
Kansas City
69%
Philadelphie
69%
Seattle
69%
Houston
67%
Tampa
64%
Boston
63%
Detroit
60%
Denver
59%
Baltimore
58%
Jacksonville
56%
Atlanta
54%
Buffalo
53%
Cleveland
49%
Green Bay
49%
La Nouvelle-Orléans
49%
Indianapolis
46%
Cincinnati
44%
Phoenix
41%
Minneapolis
39%
Pittsburgh
38%
Charlotte
30%
Nashville
27%
Aucun quiz correspondant
Distribution des résultats
% des personnes avec chaque résultat
Percentile par nombre de réponses
Votre historique - résultats
Vous n’avez pas pris ce quiz